[Event "5th Oakham Young Masters"]
[Site "Oakham ENG"]
[Date "1992.03.30"]
[Round "7"]
[White "Mueller, Karsten"]
[Black "Alexandrov, Alexei"]
[Result "0-1"]
[WhiteElo "2460"]
[BlackElo "2460"]
[EventDate "1992.03.24"]
[PlyCount "120"]
[Source "John Saunders"]

1.e4 e5 2.Nf3 Nc6 3.d4 exd4 4.Nxd4 Nf6 5.Nc3 Bb4 6.Nxc6 bxc6 7.Bd3 d5 8.
exd5 Qe7+ 9.Qe2 Qxe2+ 10.Kxe2 Nxd5 11.Bd2 Rb8 12.Rhe1 Be6 13.Ne4 Be7 14.b3
h6 15.a3 O-O 16.b4 Rfe8 17.Kf1 Rbd8 18.Rab1 Nb6 19.Bf4 Nd5 20.Bd2 Nb6 21.
Bf4 Nc4 22.Nc5 Nxa3 23.Nxe6 fxe6 24.Rb3 Nb5 25.Bc4 Nd4 26.Rb2 Bd6 27.Be3 
Be5 28.Ra2 Nb5 29.Bc5 Bc3 30.Rxe6 Rxe6 31.Bxe6+ Kh8 32.g3 Bd2 33.Bf5 a5 
34.bxa5 Rd5 35.Be4 Rxc5 36.a6 Na7 37.Ra3 Ba5 38.Rd3 g5 39.Rd7 Kg8 40.Ke2 
Bb6 41.f4 gxf4 42.gxf4 Nb5 43.Kf3 Nd6 44.Bh7+ Kf8 45.Bg6 Ra5 46.f5 Nc4 47.
Ke4 Ne5 48.Rd8+ Kg7 49.Bh5 Nc4 50.Kf4 Nd6 51.Bg6 Ra4+ 52.c4 Rxc4+ 53.Kf3 
Ra4 54.Ra8 c5 55.h4 c4 56.h5 c3 57.f6+ Kxf6 58.Ke2 Ra2+ 59.Kd1 Nc4 60.Kc1 
Na3 0-1

[Event "5th Oakham Young Masters"]
[Site "Oakham ENG"]
[Date "1992.03.30"]
[Round "7"]
[White "Degraeve, Jean-Marc"]
[Black "Gdanski, Jacek"]
[Result "1/2-1/2"]
[WhiteElo "2470"]
[BlackElo "2435"]
[EventDate "1992.03.24"]
[PlyCount "109"]
[Source "John Saunders"]

1.e4 e6 2.d4 d5 3.Nd2 Nf6 4.e5 Nfd7 5.c3 c5 6.Bd3 Nc6 7.Ngf3 Qb6 8.O-O Be7
9.dxc5 Qc7 10.Nb3 Ncxe5 11.Bf4 Nxf3+ 12.Qxf3 Qd8 13.Qg3 O-O 14.Bc7 Qe8 15.
Bb5 a6 16.Ba4 f6 17.Rae1 Qf7 18.Qe3 Nb8 19.Bb6 Bd8 20.Bxd8 Rxd8 21.f4 a5 
22.Nd4 Na6 23.c6 Rd6 24.cxb7 Qxb7 25.Bc2 Bd7 26.Qh3 f5 27.g4 Nc5 28.gxf5 
exf5 29.Bxf5 Rg6+ 30.Kh1 Bxf5 31.Qxf5 Ne4 32.Qe5 Qf7 33.f5 Rg4 34.Qe6 Re8 
35.Qxf7+ Kxf7 36.Re2 a4 37.a3 Kf6 38.Ne6 Rb8 39.Nf4 Rb5 40.c4 Rb3 41.Nxd5+
Kg5 42.Ne3 Rh4 43.Kg1 h5 44.Rg2+ Kf6 45.Nd5+ Kf7 46.Re1 Rd3 47.Rge2 Ng5 
48.Rc1 Nf3+ 49.Kh1 Rdd4 50.Nb6 Rh3 51.Kg2 Rg4+ 52.Kh1 Rgh4 53.Rcc2 Rg4 54.
Rc1 Rgh4 55.Rcc2 1/2-1/2

[Event "5th Oakham Young Masters"]
[Site "Oakham ENG"]
[Date "1992.03.30"]
[Round "7"]
[White "Svidler, Peter"]
[Black "Hennigan, Michael"]
[Result "0-1"]
[WhiteElo "2465"]
[BlackElo "2375"]
[EventDate "1992.03.24"]
[PlyCount "70"]
[Source "John Saunders"]

1.e4 d6 2.d4 Nf6 3.Nc3 g6 4.g3 Bg7 5.Bg2 O-O 6.Nge2 e5 7.h3 Nc6 8.Be3 Bd7 
9.O-O a6 10.a4 exd4 11.Nxd4 Re8 12.Re1 Nb4 13.g4 c5 14.Nde2 Bc6 15.Ng3 b6 
16.g5 Nd7 17.f4 Nf8 18.Re2 Qc7 19.Qc1 Rad8 20.Nd5 Bxd5 21.exd5 Rxe3 22.
Rxe3 Bd4 23.Ra3 Re8 24.Nf1 f5 25.gxf6 Nd7 26.f7+ Kxf7 27.Kh2 Bxe3 28.Nxe3 
Nf6 29.f5 Kg7 30.fxg6 hxg6 31.Qd2 Qe7 32.Nc4 Qe2 33.Qxe2 Rxe2 34.Re3 Rxc2 
35.Nxb6 Nbxd5 0-1

[Event "5th Oakham Young Masters"]
[Site "Oakham ENG"]
[Date "1992.03.30"]
[Round "7"]
[White "Polak, Tomas"]
[Black "Bus, Mariusz"]
[Result "1-0"]
[WhiteElo "2410"]
[BlackElo "2390"]
[EventDate "1992.03.24"]
[PlyCount "83"]
[Source "John Saunders"]

1.e4 Nc6 2.Nf3 d6 3.d4 Nf6 4.Nc3 Bg4 5.Be3 e6 6.h3 Bxf3 7.Qxf3 d5 8.a3 
dxe4 9.Nxe4 Nxe4 10.Qxe4 Qd5 11.Bd3 O-O-O 12.Qxd5 exd5 13.Kd2 Bd6 14.g4 
Rde8 15.g5 Nd8 16.Rag1 Ne6 17.Rg4 g6 18.h4 Ng7 19.Bf4 Bxf4+ 20.Rxf4 Re7 
21.c4 Rd8 22.c5 Nh5 23.Rf3 Rf8 24.Re3 Rxe3 25.fxe3 Kd8 26.b4 f6 27.Rg1 Ke7
28.b5 fxg5 29.Rxg5 c6 30.e4 dxe4 31.Bxe4 Rf4 32.Re5+ Kd7 33.d5 cxd5 34.
Bxd5 b6 35.Bc6+ Kd8 36.Re8+ Kc7 37.Re7+ Kd8 38.Re8+ Kc7 39.Re7+ Kd8 40.
Rxa7 Rd4+ 41.Kc3 bxc5 42.b6 1-0

[Event "5th Oakham Young Masters"]
[Site "Oakham ENG"]
[Date "1992.03.30"]
[Round "7"]
[White "Nielsen, Peter Heine"]
[Black "Webster, Andrew"]
[Result "1-0"]
[WhiteElo "2420"]
[BlackElo "2350"]
[EventDate "1992.03.24"]
[PlyCount "81"]
[Source "John Saunders"]

1.e4 g6 2.d4 Bg7 3.Nf3 c6 4.c4 d5 5.e5 Bg4 6.Nc3 e6 7.Be3 Ne7 8.h3 Bxf3 9.
Qxf3 Nf5 10.O-O-O Nd7 11.g4 Nxe3 12.Qxe3 O-O 13.f4 f6 14.h4 fxe5 15.dxe5 
a6 16.g5 h5 17.gxh6 Bxh6 18.Ne2 Qb6 19.Qh3 Nxe5 20.b3 Rf5 21.h5 gxh5 22.
Nd4 Rf6 23.Rg1+ Kf7 24.Kb1 Bxf4 25.Qxh5+ Ke7 26.Rg7+ Kd6 27.Qh4 Raf8 28.
Nf5+ exf5 29.Qxf4 Qb4 30.Bg2 Re8 31.Bxd5 cxd5 32.Rxd5+ Kc6 33.Rxe5 Rxe5 
34.Qxe5 Rd6 35.Qe8+ Kb6 36.Qe3+ Ka5 37.Rxb7 Rd1+ 38.Kc2 Rd2+ 39.Qxd2 Qxd2+
40.Kxd2 f4 41.Kc3 {Source: bulletin. N.b. Mega 2022 records White as 
Volzhin but this is not correct. The 1993 BCF Yearbook confirms that the 
player was Peter Heine Nielsen.} 1-0

[Event "5th Oakham Young Masters"]
[Site "Oakham ENG"]
[Date "1992.03.30"]
[Round "7"]
[White "Grigore, George-Gabriel"]
[Black "Prakash, Gurunath B."]
[Result "0-1"]
[WhiteElo "2430"]
[BlackElo "2335"]
[EventDate "1992.03.24"]
[PlyCount "82"]
[Source "John Saunders"]

1.d4 Nf6 2.c4 e6 3.Nc3 Bb4 4.g3 c5 5.Nf3 O-O 6.Bg2 cxd4 7.Nxd4 d5 8.cxd5 
Nxd5 9.Bd2 Nxc3 10.bxc3 Be7 11.Rb1 e5 12.Nc2 Nc6 13.O-O Be6 14.Rxb7 Na5 
15.Rb5 Rb8 16.Rxb8 Qxb8 17.Nb4 Qb5 18.e4 Nc4 19.Nd5 Bxd5 20.exd5 Qb2 21.
Bc1 Qxc3 22.Qa4 Bc5 23.Qc6 Qd4 24.h4 h6 25.Kh2 Rd8 26.h5 e4 27.d6 Qe5 28.
Bxe4 Qxh5+ 29.Kg2 Nxd6 30.Bf3 Qf5 31.Bf4 g5 32.Bc1 Rc8 33.Qa4 Qe5 34.Rd1 
Bb6 35.Ba3 Nc4 36.Bc1 Qe6 37.Bd5 Qe2 38.Bf3 Qxf2+ 39.Kh3 Qxf3 40.Qd7 Qh5+ 
41.Kg2 Qe2+ 0-1

[Event "5th Oakham Young Masters"]
[Site "Oakham ENG"]
[Date "1992.03.30"]
[Round "7"]
[White "Gokhale, Jayant Suresh"]
[Black "Jirovsky, Milos"]
[Result "1-0"]
[WhiteElo "2325"]
[BlackElo "2425"]
[EventDate "1992.03.24"]
[PlyCount "119"]
[Source "John Saunders"]

1.d4 Nf6 2.c4 e6 3.Nc3 d5 4.Bg5 Nbd7 5.cxd5 exd5 6.e3 c6 7.Bd3 Be7 8.Qc2 
O-O 9.Nge2 Re8 10.O-O Nf8 11.Rab1 Be6 12.b4 Rc8 13.Na4 Ng4 14.Bf4 Bd6 15.
h3 Nf6 16.Nc5 Rc7 17.Rfc1 Ng6 18.Bxd6 Qxd6 19.Ng3 Nh4 20.Rb3 g6 21.Nxe6 
fxe6 22.Qc5 Qe7 23.Qxe7 Rcxe7 24.b5 cxb5 25.Bxb5 Rf8 26.Rbc3 Nf5 27.Nxf5 
exf5 28.Rc8 Rxc8 29.Rxc8+ Kf7 30.Ba4 Ke6 31.Bb3 Kd6 32.Kf1 Rc7 33.Rd8+ Kc6
34.Ke2 Rd7 35.Rc8+ Kb5 36.f3 a5 37.a3 Rd6 38.Kd3 Ka6 39.g4 fxg4 40.hxg4 g5
41.Rf8 b5 42.Bd1 Re6 43.Rd8 Kb6 44.Bb3 Kc7 45.Ra8 Kb6 46.Rb8+ Kc6 47.Rc8+ 
Kb6 48.Rb8+ Kc6 49.Rf8 Kb6 50.e4 dxe4+ 51.fxe4 Rc6 52.Rb8+ Ka6 53.d5 Rb6 
54.Ra8+ Kb7 55.Rxa5 Nxg4 56.Kd4 Nh2 57.Kc5 Nf3 58.d6 Ne5 59.Bd5+ Nc6 60.
Rxb5 1-0

[Event "5th Oakham Young Masters"]
[Site "Oakham ENG"]
[Date "1992.03.30"]
[Round "7"]
[White "Collinson, Adam"]
[Black "Chabanon, Jean-Luc"]
[Result "1-0"]
[WhiteElo "2335"]
[BlackElo "2410"]
[EventDate "1992.03.24"]
[PlyCount "61"]
[Source "John Saunders"]

1.e4 d6 2.d4 g6 3.Nf3 Bg7 4.c3 Nf6 5.Bd3 O-O 6.O-O Nc6 7.Na3 e5 8.Nc2 Nh5 
9.h3 h6 10.Re1 Nf4 11.Bxf4 exf4 12.b4 g5 13.b5 Ne7 14.e5 Nf5 15.Nb4 dxe5 
16.dxe5 a6 17.bxa6 c5 18.Bxf5 cxb4 19.Qxd8 Rxd8 20.Bxc8 Raxc8 21.axb7 Rxc3
22.Rab1 Bf8 23.Rec1 Rb8 24.Rxc3 bxc3 25.Nd4 Bc5 26.Nc2 Ba7 27.a4 Rd8 28.a5
Rd2 29.b8=Q+ Bxb8 30.Rxb8+ Kg7 31.a6 1-0

[Event "5th Oakham Young Masters"]
[Site "Oakham ENG"]
[Date "1992.03.30"]
[Round "7"]
[White "Hsu Li Yang"]
[Black "Djurhuus, Rune"]
[Result "0-1"]
[WhiteElo "2290"]
[BlackElo "2420"]
[EventDate "1992.03.24"]
[PlyCount "92"]
[Source "John Saunders"]

1.d4 Nf6 2.c4 g6 3.Nc3 Bg7 4.Nf3 O-O 5.g3 d6 6.Bg2 c5 7.O-O Nc6 8.d5 Na5 
9.Nd2 e5 10.a3 b6 11.b4 Nb7 12.Rb1 Bd7 13.Nde4 Nxe4 14.Nxe4 Qc7 15.Bg5 f5 
16.bxc5 Nxc5 17.Nxc5 Qxc5 18.Bd2 Qxc4 19.Bb4 Rfd8 20.Rc1 Qa6 21.Rc6 e4 22.
Rc7 Be5 23.f3 exf3 24.exf3 Rac8 25.Rxc8 Bxc8 26.f4 Bf6 27.Re1 Qc4 28.Qc1 
Bd4+ 29.Kh1 Qxc1 30.Rxc1 Bc5 31.Bc3 Re8 32.a4 Bb7 33.Bd2 Kf7 34.Bf3 a5 35.
h3 Ba6 36.g4 Bd3 37.Kg2 Be2 38.Re1 Bc4 39.Rc1 Bb3 40.gxf5 Bxa4 41.fxg6+ 
hxg6 42.Bg4 Re4 43.Kf3 Rd4 44.Be6+ Ke8 45.Be1 Rd1 46.Rc4 Bb5 0-1

[Event "5th Oakham Young Masters"]
[Site "Oakham ENG"]
[Date "1992.03.30"]
[Round "7"]
[White "Galliamova, Alisa"]
[Black "Hassabis, Demis"]
[Result "1-0"]
[WhiteElo "2410"]
[BlackElo "2290"]
[EventDate "1992.03.24"]
[PlyCount "109"]
[Source "John Saunders"]

1.d4 f5 2.g3 Nf6 3.Bg2 g6 4.Nf3 Bg7 5.O-O O-O 6.b3 d6 7.Bb2 h6 8.Nbd2 g5 
9.Ne1 c6 10.Nd3 Qe8 11.e4 fxe4 12.Nxe4 Nxe4 13.Bxe4 Nd7 14.Bg2 Nf6 15.Qe2 
Qf7 16.Rae1 Re8 17.f4 Bg4 18.Qd2 Qg6 19.fxg5 hxg5 20.Bc1 Nd5 21.c3 Bf5 22.
Nf2 g4 23.Be4 e6 24.Bg2 Nf6 25.Qf4 Rad8 26.Ne4 Nd5 27.Qd2 e5 28.Qg5 Rf8 
29.dxe5 dxe5 30.Qxg6 Bxg6 31.Bg5 Rxf1+ 32.Rxf1 Rf8 33.Rxf8+ Bxf8 34.c4 
Bxe4 35.Bxe4 Nc3 36.Bf5 Bc5+ 37.Kf1 Nxa2 38.Bxg4 Nc3 39.Bf5 Bd4 40.h4 e4 
41.h5 a5 42.Bd8 b6 43.Bd7 Na2 44.Bxc6 e3 45.Bg5 Nc1 46.Ba4 Kg7 47.g4 Nd3 
48.Bb5 Nf2 49.Ke2 Nxg4 50.Bc6 Ne5 51.Bd5 Nd7 52.Be4 Ne5 53.h6+ Kg8 54.Bf6 
Nc6 55.h7+ 1-0

[Event "5th Oakham Young Masters"]
[Site "Oakham ENG"]
[Date "1992.03.30"]
[Round "7"]
[White "Turner, Matthew"]
[Black "Moutousis, Konstantinos"]
[Result "1-0"]
[WhiteElo "2250"]
[BlackElo "2405"]
[EventDate "1992.03.24"]
[PlyCount "55"]
[Source "John Saunders"]

1.e4 c5 2.Nf3 d6 3.d4 cxd4 4.Nxd4 Nf6 5.Nc3 Nc6 6.Be2 e5 7.Nb3 Be7 8.O-O 
O-O 9.Be3 Be6 10.Qd2 a5 11.a4 Nb4 12.f4 Rc8 13.f5 Bc4 14.Bxc4 Rxc4 15.Qe2 
Qc8 16.Nxa5 Rxc3 17.bxc3 Qxc3 18.Qd2 Nxe4 19.Qxc3 Nxc3 20.Bd2 Nbd5 21.Bxc3
Nxc3 22.Nxb7 Rb8 23.Na5 Bf6 24.Nc6 Rb6 25.a5 Rxc6 26.a6 Rc8 27.a7 Ra8 28.
Rfb1 1-0

[Event "5th Oakham Young Masters"]
[Site "Oakham ENG"]
[Date "1992.03.30"]
[Round "7"]
[White "Khurtsidze, Nino"]
[Black "Kumaran, Dharshan"]
[Result "0-1"]
[WhiteElo "2220"]
[BlackElo "2375"]
[EventDate "1992.03.24"]
[PlyCount "104"]
[Source "John Saunders"]

1.Nf3 Nf6 2.g3 d5 3.Bg2 c6 4.O-O Bg4 5.Ne5 Bh5 6.d4 e6 7.c4 Be7 8.Nc3 Nbd7
9.Bf4 Nxe5 10.dxe5 Nd7 11.cxd5 exd5 12.Qd4 Nc5 13.Bg5 Bxg5 14.Qxc5 Be7 15.
Qd4 Qb6 16.e3 O-O 17.Na4 Qa5 18.Rfc1 Rad8 19.Nc5 Qb6 20.a4 Rfe8 21.f4 f6 
22.a5 Qb5 23.Rc2 fxe5 24.fxe5 Bxc5 25.Rxc5 Qe2 26.Rac1 Bg6 27.Bf1 Qf3 28.
Bg2 Qe2 29.Bf1 Qh5 30.a6 Be4 31.Bg2 Bxg2 32.Kxg2 Qe2+ 33.Kg1 Qxa6 34.Rf1 
Qb6 35.b4 Qc7 36.b5 Re6 37.bxc6 bxc6 38.Rfc1 Qxe5 39.Rxc6 Qxe3+ 40.Qxe3 
Rxe3 41.Rc7 d4 42.Rxa7 d3 43.Kg2 Re2+ 44.Kh3 d2 45.Rd1 Re1 46.Raa1 Rde8 
47.Rab1 h6 48.Kg4 Kh7 49.h4 R8e4+ 50.Kf5 Re7 51.h5 Rf7+ 52.Kg4 Rff1 0-1

[Event "5th Oakham Young Masters"]
[Site "Oakham ENG"]
[Date "1992.03.30"]
[Round "7"]
[White "Ong Chong Ghee"]
[Black "Kogan, Artur"]
[Result "1/2-1/2"]
[WhiteElo "2205"]
[BlackElo "2370"]
[EventDate "1992.03.24"]
[PlyCount "68"]
[Source "John Saunders"]

1.e4 e5 2.Nf3 Nc6 3.d4 exd4 4.Bc4 Nf6 5.O-O Nxe4 6.Re1 d5 7.Bxd5 Qxd5 8.
Nc3 Qa5 9.Nxe4 Be6 10.Bd2 Bb4 11.Nxd4 Nxd4 12.c3 O-O-O 13.cxb4 Qd5 14.Rc1 
Kb8 15.Bf4 Rc8 16.Rc5 Qd7 17.Nd6 Nf3+ 18.Qxf3 cxd6 19.Qg3 Ka8 20.Bxd6 Rhd8
21.Rec1 Rb8 22.Rd1 Qa4 23.Qf3 Qxb4 24.Bxb8 Rxd1+ 25.Qxd1 Qxc5 26.Bf4 Qd5 
27.Qxd5 Bxd5 28.a3 b5 29.Be5 f6 30.Bc3 Kb7 31.f4 Kc6 32.Kf2 Kc5 33.g4 Be4 
34.Ke3 Kd5 1/2-1/2

[Event "5th Oakham Young Masters"]
[Site "Oakham ENG"]
[Date "1992.03.30"]
[Round "7"]
[White "Relange, Eloi"]
[Black "Piper, Matthew"]
[Result "1/2-1/2"]
[WhiteElo "2275"]
[BlackElo "2275"]
[EventDate "1992.03.24"]
[PlyCount "100"]
[Source "John Saunders"]

1.d4 Nf6 2.c4 e6 3.Nc3 Bb4 4.e3 c5 5.Bd3 Nc6 6.Ne2 cxd4 7.exd4 d5 8.a3 
dxc4 9.Bxc4 Be7 10.O-O O-O 11.Bf4 a6 12.Rc1 b5 13.Ba2 Bb7 14.d5 exd5 15.
Nxd5 Nxd5 16.Bxd5 Rc8 17.Nc3 Bf6 18.b4 Ba8 19.Bd6 Be7 20.Ne4 Kh8 21.Bxe7 
Qxe7 22.Qh5 h6 23.Nc5 Nd4 24.Rfe1 Qg5 25.Qxg5 hxg5 26.Ba2 Kg8 27.Re7 a5 
28.Rd1 Nc6 29.Ree1 axb4 30.Nd7 Rfe8 31.Nb6 Rxe1+ 32.Rxe1 Rb8 33.Nxa8 Rxa8 
34.Bd5 Rc8 35.Bxc6 Rxc6 36.axb4 Rc4 37.Rb1 f6 38.g3 Kf7 39.Kg2 g4 40.h3 
gxh3+ 41.Kxh3 Ke6 42.f4 Kf5 43.Rb2 g5 44.fxg5 Kxg5 45.Rb1 f5 46.Rb3 Rd4 
47.Rb2 f4 48.Kg2 Kg4 49.gxf4 Rxf4 50.Rf2 Re4 1/2-1/2

[Event "5th Oakham Young Masters"]
[Site "Oakham ENG"]
[Date "1992.03.30"]
[Round "7"]
[White "Buckley, Graeme"]
[Black "Sjodahl, Pontus"]
[Result "0-1"]
[WhiteElo "2205"]
[BlackElo "2345"]
[EventDate "1992.03.24"]
[PlyCount "80"]
[Source "John Saunders"]

1.d4 Nf6 2.Nf3 c5 3.d5 d6 4.c4 a6 5.g3 g6 6.Bg2 Bg7 7.O-O b5 8.Nbd2 O-O 9.
e4 e5 10.dxe6 Bxe6 11.e5 dxe5 12.Nxe5 Ra7 13.Qe2 Nfd7 14.Nxd7 Qxd7 15.Qf3 
Rc8 16.Re1 Nc6 17.Ne4 Nd4 18.Qf4 Bxc4 19.Nf6+ Bxf6 20.Qxf6 Qf5 21.Qxf5 
gxf5 22.b3 Nc2 23.Re5 Nxa1 24.bxc4 Nc2 25.Rxf5 Nd4 26.Rg5+ Kf8 27.Kf1 bxc4
28.Bh3 Ne6 29.Rh5 Rd7 30.Ke1 c3 31.Rxh7 Ke7 32.f4 c2 33.Bg4 Rcd8 34.Bxe6 
Rd1+ 35.Ke2 Kxe6 36.f5+ Kxf5 37.g4+ Kg6 38.Rh6+ Kg7 39.Bb2+ Kxh6 40.g5+ 
Kxg5 0-1

[Event "5th Oakham Young Masters"]
[Site "Oakham ENG"]
[Date "1992.03.30"]
[Round "7"]
[White "Cullip, Stephen"]
[Black "Martinidesz, Denes"]
[Result "1-0"]
[WhiteElo "2320"]
[BlackElo "2215"]
[EventDate "1992.03.24"]
[PlyCount "53"]
[Source "John Saunders"]

1.e4 c5 2.Nf3 d6 3.d4 cxd4 4.Nxd4 Nf6 5.Nc3 Nc6 6.Bg5 e6 7.Qd2 Be7 8.O-O-O
a6 9.f3 Bd7 10.g4 b5 11.h4 Ne5 12.Bxf6 Bxf6 13.g5 Be7 14.f4 Nc4 15.Qe1 Rc8
16.f5 b4 17.Nce2 Qa5 18.Kb1 exf5 19.Ng3 fxe4 20.Qxe4 Qe5 21.Bxc4 Rxc4 22.
Qa8+ Rc8 23.Qf3 Qc5 24.Rhe1 Be6 25.Ngf5 Rg8 26.Qe4 Qa5 27.Qb7 1-0

[Event "5th Oakham Young Masters"]
[Site "Oakham ENG"]
[Date "1992.03.30"]
[Round "7"]
[White "Beckett, Roger"]
[Black "Waitzkin, Joshua"]
[Result "0-1"]
[WhiteElo "2205"]
[BlackElo "2290"]
[EventDate "1992.03.24"]
[PlyCount "79"]
[Source "John Saunders"]

1.e4 c5 2.Nc3 Nc6 3.f4 g6 4.Nf3 Bg7 5.Bb5 Qc7 6.d3 a6 7.Bxc6 Qxc6 8.O-O b5
9.Qe1 d6 10.Nd5 Nf6 11.Nxf6+ Bxf6 12.Be3 Bxb2 13.Rb1 Bg7 14.Qh4 Be6 15.a3 
h6 16.Qg3 Bc3 17.e5 O-O-O 18.Qf2 Ba2 19.Rbd1 f6 20.exd6 exd6 21.Nd2 f5 22.
Nb3 Rhe8 23.d4 Bxb3 24.cxb3 Qe4 25.Rfe1 Bxe1 26.Rxe1 cxd4 27.Rc1+ Kb7 28.
Bxd4 Rc8 29.Rd1 Rc2 30.Qg3 Qe2 31.Rf1 Re6 32.Bf2 Rd2 33.h3 Rd1 34.Rxd1 
Qxd1+ 35.Kh2 Qd2 36.b4 g5 37.Qf3+ Re4 38.fxg5 hxg5 39.Qxf5 Qf4+ 40.Qxf4 
0-1

[Event "5th Oakham Young Masters"]
[Site "Oakham ENG"]
[Date "1992.03.31"]
[Round "8"]
[White "Hennigan, Michael"]
[Black "Ulybin, Mikhail"]
[Result "1/2-1/2"]
[WhiteElo "2375"]
[BlackElo "2585"]
[EventDate "1992.03.24"]
[PlyCount "53"]
[Source "John Saunders"]

1.e4 e6 2.d4 d5 3.Nd2 Nf6 4.e5 Nfd7 5.f4 c5 6.c3 Nc6 7.Ndf3 Be7 8.g3 Qb6 
9.Kf2 cxd4 10.cxd4 g5 11.Bh3 h5 12.fxg5 Ndxe5 13.Nxe5 Nxe5 14.Kg2 Ng6 15.
Ne2 h4 16.Nf4 e5 17.Bxc8 exf4 18.Bf5 hxg3 19.hxg3 Rxh1 20.Qxh1 Qxd4 21.
Bxf4 Qxb2+ 22.Kh3 Kf8 23.Bxg6 fxg6 24.Qf3 Qh8+ 25.Kg2 Qb2+ 26.Kh3 Qh8+ 27.
Kg2 1/2-1/2

[Event "5th Oakham Young Masters"]
[Site "Oakham ENG"]
[Date "1992.03.31"]
[Round "8"]
[White "Alexandrov, Alexei"]
[Black "Gdanski, Jacek"]
[Result "0-1"]
[WhiteElo "2460"]
[BlackElo "2435"]
[EventDate "1992.03.24"]
[PlyCount "108"]
[Source "John Saunders"]

1.d4 g6 2.e4 Bg7 3.h4 c5 4.d5 h5 5.Nc3 d6 6.a4 Nf6 7.Bf4 a6 8.Qd2 Qb6 9.
Rb1 O-O 10.Nf3 Qb4 11.Bd3 Bg4 12.b3 Nbd7 13.Na2 Qa3 14.c4 b5 15.Qe2 Ne5 
16.Bxe5 dxe5 17.Nc3 bxc4 18.Bxc4 Qb4 19.Rc1 Ne8 20.O-O Nd6 21.Na2 Qb6 22.
Qd3 Rab8 23.Nd2 Bh6 24.Rc2 Ra8 25.f3 Bd7 26.Qc3 Bf4 27.Nc1 Qb4 28.Rd1 Qxc3
29.Rxc3 Rfb8 30.Be2 f5 31.exf5 Bxf5 32.Kf2 e4 33.Nf1 exf3 34.Bxf3 Rb4 35.
Ne3 Be4 36.Rxc5 Rf8 37.Ra5 Bxf3 38.gxf3 Bh6 39.Rxa6 Rxh4 40.Ng2 Rh3 41.f4 
g5 42.Rd3 g4 43.Rc6 Rh1 44.Ne2 h4 45.a5 h3 46.Nh4 Bxf4 47.Nxf4 Rxf4+ 48.
Kg3 Rg1+ 49.Kh2 Rgf1 50.Rg3 Kf7 51.a6 R4f2+ 52.Ng2 hxg2 53.Rxg2 g3+ 54.Kh3
Rh1+ 0-1

[Event "5th Oakham Young Masters"]
[Site "Oakham ENG"]
[Date "1992.03.31"]
[Round "8"]
[White "Degraeve, Jean-Marc"]
[Black "Polak, Tomas"]
[Result "1-0"]
[WhiteElo "2470"]
[BlackElo "2410"]
[EventDate "1992.03.24"]
[PlyCount "101"]
[Source "John Saunders"]

1.e4 c5 2.Nf3 Nc6 3.Bb5 g6 4.O-O Bg7 5.c3 Nf6 6.Re1 O-O 7.d4 cxd4 8.cxd4 
d5 9.e5 Ne4 10.Bxc6 bxc6 11.Nbd2 c5 12.dxc5 Nxc5 13.Nb3 Nxb3 14.Qxb3 Bg4 
15.Nd4 Qd7 16.Bd2 Rfc8 17.Bc3 Rc4 18.h3 Be6 19.Rad1 Re8 20.Nxe6 Qxe6 21.
Qb5 Qc6 22.Qxc6 Rxc6 23.Rxd5 Re6 24.Red1 f6 25.Rd7 a6 26.exf6 Bxf6 27.Bxf6
exf6 28.Kf1 f5 29.g3 Re2 30.Rb7 R8e7 31.Rxe7 Rxe7 32.Rd6 a5 33.Ra6 Re5 34.
Ra7 h6 35.h4 g5 36.hxg5 hxg5 37.a4 f4 38.gxf4 gxf4 39.Kg2 Rd5 40.Kf3 Rd3+ 
41.Kg4 Rb3 42.Rxa5 Rxb2 43.f3 Rb4 44.Ra7 Kf8 45.a5 Ra4 46.a6 Kg8 47.Kf5 
Kf8 48.Kf6 Kg8 49.Kg6 Kf8 50.Ra8+ Ke7 51.a7 1-0

[Event "5th Oakham Young Masters"]
[Site "Oakham ENG"]
[Date "1992.03.31"]
[Round "8"]
[White "Har-Zvi, Ronen"]
[Black "Svidler, Peter"]
[Result "1/2-1/2"]
[WhiteElo "2350"]
[BlackElo "2465"]
[EventDate "1992.03.24"]
[PlyCount "100"]
[Source "John Saunders"]

1.c4 e5 2.Nc3 f5 3.d4 exd4 4.Qxd4 Nf6 5.Nf3 Nc6 6.Qd3 Bc5 7.Bg5 d6 8.g3 h6
9.Bxf6 Qxf6 10.Bg2 Ne5 11.Qc2 c6 12.O-O a5 13.e3 O-O 14.Nd4 Ba7 15.Rad1 
Kh8 16.Na4 h5 17.h4 f4 18.exf4 Bxd4 19.Qd2 Nxc4 20.Qxd4 Qxd4 21.Rxd4 d5 
22.b3 Nd6 23.Nb6 Rb8 24.Ra4 Bg4 25.Rxa5 d4 26.f3 Bf5 27.Rd1 Nb5 28.Kf2 
Rbd8 29.Nc4 Nc3 30.Re1 b5 31.Nd2 Rfe8 32.Re5 g6 33.g4 Bd3 34.gxh5 gxh5 35.
Rxh5+ Kg7 36.Ra7+ Kg6 37.Re5 Ra8 38.Rg5+ Kh6 39.Rc7 Rxa2 40.Rxc6+ Kh7 41.
Rc7+ Kh8 42.Rh5+ Kg8 43.Rg5+ Kf8 44.Rgg7 Rxd2+ 45.Kg3 Ree2 46.Bh3 Re1 47.
Rgf7+ Kg8 48.h5 Nd5 49.Ra7 Rde2 50.Rfd7 Re7 1/2-1/2

[Event "5th Oakham Young Masters"]
[Site "Oakham ENG"]
[Date "1992.03.31"]
[Round "8"]
[White "Djurhuus, Rune"]
[Black "Kumaran, Dharshan"]
[Result "1/2-1/2"]
[WhiteElo "2420"]
[BlackElo "2375"]
[EventDate "1992.03.24"]
[PlyCount "92"]
[Source "John Saunders"]

1.e4 c6 2.d4 d5 3.e5 Bf5 4.Nf3 e6 5.Be2 c5 6.O-O Nc6 7.c3 Bg4 8.Nbd2 cxd4 
9.cxd4 Qb6 10.a3 a5 11.Qa4 Rc8 12.Nb3 Bxf3 13.gxf3 Be7 14.Bd2 Nh6 15.Bxa5 
Qa7 16.Qb5 O-O 17.Bb6 Qb8 18.Rac1 Bg5 19.Rcd1 Nf5 20.Qd3 Bf4 21.Kh1 Rce8 
22.Bc5 Qd8 23.Rg1 Qh4 24.Rg2 Nce7 25.Bb4 b6 26.Rdg1 f6 27.exf6 Rxf6 28.Bd2
Ng6 29.Qb5 Ref8 30.Bb4 Bd6 31.Bxd6 Nxd6 32.Qxb6 Nf5 33.Qc7 R6f7 34.Qc2 
Nxd4 35.Nxd4 Qxd4 36.Bd3 Nh4 37.Bxh7+ Kh8 38.Rg4 Qf6 39.f4 Qh6 40.Bd3 Rxf4
41.Rxg7 Qxg7 42.Rxg7 Kxg7 43.Qc7+ R8f7 44.Qe5+ R7f6 45.Qc7+ Rf7 46.Qe5+ 
R7f6 1/2-1/2

[Event "5th Oakham Young Masters"]
[Site "Oakham ENG"]
[Date "1992.03.31"]
[Round "8"]
[White "Moutousis, Konstantinos"]
[Black "Kogan, Artur"]
[Result "0-1"]
[WhiteElo "2405"]
[BlackElo "2370"]
[EventDate "1992.03.24"]
[PlyCount "64"]
[Source "John Saunders"]

1.d4 Nf6 2.c4 e6 3.Nc3 Bb4 4.e3 d6 5.Bd3 c5 6.Ne2 Nc6 7.O-O O-O 8.a3 Ba5 
9.Bc2 Qe7 10.d5 Ne5 11.b3 exd5 12.cxd5 Neg4 13.Qd3 Ne5 14.Qd2 b5 15.e4 Re8
16.f4 Ng6 17.Ng3 c4 18.b4 Bb6+ 19.Kh1 Ng4 20.h3 Qh4 21.Rf3 Nf2+ 22.Rxf2 
Bxh3 23.Nf1 Bxf2 24.gxh3 Nxf4 25.Qxf4 Qxh3+ 26.Nh2 Qxc3 27.Qxf2 Qxa1 28.
Qg1 f5 29.Nf3 Qc3 30.Qd1 fxe4 31.Ng5 Re5 32.Bf4 Rxg5 0-1

[Event "5th Oakham Young Masters"]
[Site "Oakham ENG"]
[Date "1992.03.31"]
[Round "8"]
[White "Prakash, Gurunath B."]
[Black "Nielsen, Peter Heine"]
[Result "1-0"]
[WhiteElo "2335"]
[BlackElo "2420"]
[EventDate "1992.03.24"]
[PlyCount "75"]
[Source "John Saunders"]

1.d4 Nf6 2.c4 g6 3.Nc3 Bg7 4.e4 d6 5.f3 O-O 6.Be3 e5 7.d5 Nh5 8.Qd2 f5 9.
O-O-O Nd7 10.exf5 gxf5 11.Nh3 Ndf6 12.Bg5 Bd7 13.Rg1 Qc8 14.Nf2 a6 15.g4 
fxg4 16.fxg4 Nxg4 17.Nfe4 Kh8 18.h3 Ngf6 19.Bxf6 Rxf6 20.Nxf6 Nxf6 21.Bd3 
Qf8 22.Qg2 Bh6+ 23.Kb1 Qe7 24.Rdf1 Nh5 25.Ne2 Nf4 26.Nxf4 Bxf4 27.h4 Qf7 
28.h5 Bf5 29.Bxf5 Qxf5+ 30.Ka1 Qf6 31.Qe4 Rf8 32.Kb1 h6 33.Rg6 Qf5 34.
Rxh6+ Kg7 35.Qxf5 Rxf5 36.Re6 Rxh5 37.Re7+ Kg6 38.Rxc7 1-0

[Event "5th Oakham Young Masters"]
[Site "Oakham ENG"]
[Date "1992.03.31"]
[Round "8"]
[White "Borriss, Martin"]
[Black "Gokhale, Jayant Suresh"]
[Result "0-1"]
[WhiteElo "2395"]
[BlackElo "2325"]
[EventDate "1992.03.24"]
[PlyCount "122"]
[Source "John Saunders"]

1.e4 e6 2.d4 d5 3.Nc3 Bb4 4.e5 c5 5.a3 Bxc3+ 6.bxc3 Ne7 7.h4 Bd7 8.h5 h6 
9.Qg4 Rg8 10.Bd3 Nf5 11.Qf4 Nc6 12.dxc5 Qa5 13.Bd2 Qxc5 14.Ne2 O-O-O 15.g4
Nfe7 16.Nd4 f6 17.Nb3 fxe5 18.Nxc5 exf4 19.Nxd7 Kxd7 20.Bxf4 Rgf8 21.Bg3 
e5 22.c4 e4 23.cxd5 exd3 24.dxc6+ Nxc6 25.O-O-O Rf3 26.Rxd3+ Rxd3 27.cxd3 
Ke6 28.Re1+ Kf7 29.Kd2 Rd5 30.Rb1 Rd7 31.Kc3 a6 32.Re1 Nd4 33.Re3 Nb5+ 34.
Kb3 Nd4+ 35.Kb2 Nc6 36.Kc3 Rd5 37.Re4 b5 38.Rf4+ Ke6 39.Re4+ Kf7 40.f3 
Rc5+ 41.Kd2 Rd5 42.Ke3 a5 43.f4 Rc5 44.f5 b4 45.axb4 axb4 46.Rc4 Rxc4 47.
dxc4 b3 48.Kd3 Nd4 49.Kc3 Ne2+ 50.Kxb3 Nxg3 51.c5 Ke7 52.Kc4 Ne4 53.c6 Nf6
54.Kc5 Nxg4 55.c7 Kd7 56.Kd5 Nf6+ 57.Ke5 Nxh5 58.c8=Q+ Kxc8 59.Ke6 Kc7 60.
Ke7 Nf6 61.Kf7 h5 0-1